Divagaciones pedagógicas

Guardat en:
Dades bibliogràfiques
Autor principal: Faure, Elie (Autor)
Format: Llibre
Idioma:espanyol
Publicat: Buenos Aires Poseidón 1943
Edició:1a. ed
Col·lecció:Colección Todo para Todos
Matèries:
Etiquetes: Afegir etiqueta
Sense etiquetes, Sigues el primer a etiquetar aquest registre!

MARC

LEADER 00000cam a2200000 a 4500
001 UCD8831
003 CL-VaPUC
008 170527e19430000ag |||||||||||||||||spa|d
082 0 4 |a 701.17  |b FAU  |2 21 
100 0 |a Faure, Elie  |e author  |9 592368 
245 1 0 |a Divagaciones pedagógicas 
250 |a 1a. ed 
300 |a 172 p 
942 |c BK 
945 |d 20170527 00:32:00  |a dcastane 
260 |a Buenos Aires  |b Poseidón  |c 1943 
650 0 |a Filosofía del arte  |9 264951 
650 0 |a Estética   |9 264950 
650 0 |a Apreciación artística  |9 394669 
583 |a last modification  |c 20170527 00:32:00  |k Rodrigo Vera 
490 0 |a Colección Todo para Todos 
999 |c 368139  |d 368137 
952 |0 0  |1 0  |3 erd  |4 0  |6 701_170000000000000_FAU_1943  |7 0  |8 A  |9 483409  |a BIBARQ  |b BIBARQ  |i 5378672  |l 2  |o 701.17 FAU 1943  |p 5378672  |r 2025-01-20  |s 2022-07-28  |w 2019-11-24  |y BK  |z Catalogado en:20170527  |k ARQ